Proyecto para la mejora y ensanche del puerto de Barcelona / (Record no. 162897)

MARC details
000 -LEADER
campo de control de longitud fija 00612nam a22001695i 4500
001 - NÚMERO DE CONTROL
campo de control 162897
003 - IDENTIFICADOR DE NÚMERO DE CONTROL
campo de control ES-MaACL
005 - FECHA Y HORA DE LA ÚLTIMA TRANSACCIÓN
campo de control 20230906212627.0
008 - DATOS DE LONGITUD FIJA--INFORMACIÓN GENERAL
campo de control de longitud fija 940301s1861 sp |||| | spa d
040 ## - FUENTE DE CATALOGACIÓN
Centro catalogador/agencia de origen AS
Lengua de catalogación spa
100 1# - ENTRADA PRINCIPAL--NOMBRE DE PERSONA
Nombre de persona Rafo, José.
9 (RLIN) 131565
245 10 - MENCIÓN DEL TÍTULO
Título Proyecto para la mejora y ensanche del puerto de Barcelona /
Mención de responsabilidad, etc. formado por José Rafo ; aprobado por Real orden de 29 de mayo de 1860.
260 ## - PUBLICACIÓN, DISTRIBUCIÓN, ETC.
Lugar de publicación, distribución, etc. Madrid :
Nombre del editor, distribuidor, etc. [s.n.],
Fecha de publicación, distribución, etc. 1861 (
Fabricante Imp. de D. José C. de la Peña)
300 ## - DESCRIPCIÓN FÍSICA
Extensión 494 p., XI h. de plan ;
Dimensiones 24 cm.
651 #4 - PUNTO DE ACCESO ADICIONAL DE MATERIA--NOMBRE GEOGRÁFICO
Nombre geográfico Puerto de Barcelona.
9 (RLIN) 155666
852 ## - LOCALIZACIÓN
Ubicación ES-MaACL
Número de control de estantería G-3586
Nota libre -- Enc. tela
Holdings
Estatus retirado Estado de pérdida Estado de daño No para préstamo Colección Biblioteca de origen Biblioteca actual Ubicación en estantería Fecha de adquisición Fuente de adquisición Total de préstamos Signatura topográfica completa Código de barras Visto por última vez Precio de reemplazo Tipo de ítem Koha
        Libros del s. XIX Biblioteca del Ateneo de Madrid Biblioteca del Ateneo de Madrid Depósito 2 17/01/2008     G-3586 1170677 23/02/2023 23/02/2023 Libro impreso antiguo